15 Meilleur Pays en Production de Raisins - Statistiques

Statistiques générales
  • Ce quiz a été pris 135 fois
  • Le résultat moyen est 10 sur 15
Statistiques - réponses
Quantité Répondre % Correct
5,868,620 France
98%
14,019,797 Chine
96%
6,888,338 Etats-Unis
96%
8,201,858 Italie
96%
6,373,113 Espagne
94%
1,626,481 Brésil
85%
3,033,924 Inde
80%
2,358,902 Argentine
79%
1,716,087 Australie
72%
4,000,364 Turquie
64%
2,379,212 Chili
57%
1,960,160 Afrique du Sud
40%
1,919,130 Iran
38%
1,769,818 Égypte
27%
1,673,190 Ouzbékistan
2%
Aucun quiz correspondant
Distribution des résultats
% des personnes avec chaque résultat
Percentile par nombre de réponses
Votre historique - résultats
Vous n’avez pas pris ce quiz